[Event "Schacholympiade 2012"]
[Site "Istanbul"]
[Date "2012.08.28"]
[Round "1"]
[White "De, Seroux Camille"]
[Black "Angolikin, Goretti"]
[Result "1-0"]
[WhiteElo "2101"]
[BlackElo "1705"]
[PlyCount "51"]
[EventDate "2012.08.27"]

1. e4 e5 2. Nf3 Nc6 3. d4 exd4 4. Nxd4 Qh4 5. Be2 Bc5 6. Be3 d6 7. O-O Nge7 8.
Nb5 O-O 9. Nxc7 Rb8 10. Nc3 f5 11. exf5 Bxf5 12. N7d5 Kh8 13. Qd2 Bxe3 14. Nxe3
Rbd8 15. Nxf5 Nxf5 16. Rad1 Rf6 17. Nd5 Rh6 18. Qf4 Qxf4 19. Nxf4 Re8 20. Rfe1
g5 21. Nd5 Rhe6 22. Nc7 Rxe2 23. Nxe8 Rxc2 24. Nxd6 Nxd6 25. Rxd6 Rxb2 26. Rd7
1-0

[Event "Schacholympiade 2012"]
[Site "Istanbul"]
[Date "2012.08.28"]
[Round "1"]
[White "Garbett, Paul"]
[Black "Gustafsson, Jan"]
[Result "0-1"]
[WhiteElo "2276"]
[BlackElo "2610"]
[PlyCount "80"]
[EventDate "2012.08.27"]

1. e4 c6 2. Nf3 d5 3. Nc3 a6 4. d4 Bg4 5. h3 Bh5 6. Be2 e6 7. a3 Nf6 8. Ne5
Bxe2 9. Qxe2 Be7 10. O-O O-O 11. Rd1 Nbd7 12. Bf4 Re8 13. Nf3 Nf8 14. Qd3 Qb6
15. e5 N6d7 16. Be3 f6 17. b4 Qc7 18. exf6 Bxf6 19. Ne2 Ng6 20. c4 Nb6 21. cxd5
exd5 22. Nd2 Re6 23. Rac1 Rae8 24. Qb3 Qf7 25. a4 Nh4 26. Nf4 R6e7 27. a5 Nc8
28. b5 axb5 29. a6 Nb6 30. axb7 Nc4 31. Nxc4 dxc4 32. Qb4 Rxb7 33. Qc5 g5 34.
Nh5 Qxh5 35. d5 cxd5 36. Rxd5 h6 37. Qc6 Qf7 38. Rd6 Bg7 39. Rcd1 Nf5 40. Rd7
Rxd7 0-1

[Event "Schacholympiade 2012"]
[Site "Istanbul"]
[Date "2012.08.28"]
[Round "1"]
[White "Gallagher, Joseph G"]
[Black "Gajadin, Dewperkash"]
[Result "1-0"]
[WhiteElo "2513"]
[BlackElo "2185"]
[PlyCount "95"]
[EventDate "2012.08.27"]

1. e4 e5 2. Nf3 Nc6 3. Bc4 Nf6 4. d3 Be7 5. O-O d5 6. exd5 Nxd5 7. h3 O-O 8.
Re1 Nb6 9. Bb3 Qd6 10. Nc3 Kh8 11. Nb5 Qg6 12. Kh1 Qh5 13. Ng5 Qg6 14. Nf3 Qh5
15. Nh2 Qxd1 16. Rxd1 Bd8 17. Re1 a6 18. Nc3 f6 19. Nf3 Na5 20. Be3 Nxb3 21.
axb3 Bf5 22. Rac1 c6 23. d4 Nd7 24. dxe5 fxe5 25. Rcd1 Bf6 26. g4 Be6 27. Rd6
Rfe8 28. Red1 Nf8 29. Bb6 Be7 30. R6d2 e4 31. Nd4 Bf7 32. Nf5 Bb4 33. Nd6 Bxd6
34. Rxd6 h5 35. Kh2 Kg8 36. Kg3 hxg4 37. hxg4 Re5 38. Rd8 Rxd8 39. Rxd8 Bg6 40.
Rb8 Re7 41. Bc5 Rf7 42. Nd1 e3 43. Nxe3 Be4 44. f4 g6 45. Re8 Bh1 46. g5 Bd5
47. c4 Bh1 48. Ng4 1-0

[Event "Schacholympiade 2012"]
[Site "Istanbul"]
[Date "2012.08.28"]
[Round "1"]
[White "Giasi, Viresh"]
[Black "Forster, Richard"]
[Result "0-1"]
[WhiteElo "1975"]
[BlackElo "2459"]
[PlyCount "92"]
[EventDate "2012.08.27"]

1. e4 c5 2. Nf3 b6 3. Nc3 Bb7 4. d4 cxd4 5. Nxd4 a6 6. Be3 e6 7. Qd2 Qc7 8. f3
Bb4 9. a3 Bxc3 10. Qxc3 Qxc3+ 11. bxc3 d6 12. Rb1 Nd7 13. Ne2 Rb8 14. c4 Bc6
15. Nc3 Kd8 16. Be2 Kc7 17. O-O Ngf6 18. Rfd1 h6 19. Bf4 Ne5 20. a4 Nfd7 21.
Ra1 Nc5 22. Bxe5 dxe5 23. a5 Rhd8 24. Rxd8 Rxd8 25. axb6+ Kxb6 26. Rd1 Rxd1+
27. Bxd1 Ka5 28. Na2 Ka4 29. Kf1 a5 30. Nc1 Kb4 31. Na2+ Ka3 32. Nc1 a4 33. Nd3
Nxd3 34. cxd3 Kb2 35. Bxa4 Bxa4 36. Ke2 Kc3 37. Ke3 Bc2 38. c5 Bxd3 39. c6 Bb5
40. c7 Ba6 41. h4 Kc4 42. g4 Kc5 43. f4 exf4+ 44. Kxf4 Kd6 45. g5 e5+ 46. Kg4
h5+ 0-1

[Event "Schacholympiade 2012"]
[Site "Istanbul"]
[Date "2012.08.28"]
[Round "1"]
[White "Hug, Werner"]
[Black "Tjong, Tjin Joe Calvin"]
[Result "1-0"]
[WhiteElo "2469"]
[BlackElo "1981"]
[PlyCount "92"]
[EventDate "2012.08.27"]

1. d4 Nf6 2. Nf3 g6 3. Bg5 Bg7 4. Nbd2 d5 5. e3 Nbd7 6. Bd3 O-O 7. O-O c5 8. c3
b6 9. Qe2 Re8 10. Rad1 Bb7 11. Ne5 cxd4 12. exd4 Nxe5 13. dxe5 Nd7 14. e6 fxe6
15. Qxe6+ Kh8 16. Bb5 Nc5 17. Qe3 Rg8 18. Bxe7 Qc7 19. Rfe1 a6 20. Bf1 Rae8 21.
Qg5 Ne4 22. Nxe4 Rxe7 23. Nd2 Rf7 24. Qg3 Qxg3 25. hxg3 Rgf8 26. Nf3 h6 27. Nh4
Rf6 28. Bd3 Kh7 29. Re7 Bc8 30. f4 d4 31. cxd4 Rd6 32. d5 Bf5 33. Bxf5 gxf5 34.
Re6 Rxe6 35. dxe6 Re8 36. Rd7 Kg8 37. Nxf5 Bxb2 38. Nxh6+ Kh8 39. f5 Bf6 40.
Nf7+ Kg8 41. g4 Bh4 42. Kh2 Re7 43. g5 Re8 44. g3 b5 45. gxh4 a5 46. Nh6+ Kh8
1-0

[Event "Schacholympiade 2012"]
[Site "Istanbul"]
[Date "2012.08.29"]
[Round "2"]
[White "Meier, Georg"]
[Black "Sanikidze, Tornike"]
[Result "1/2-1/2"]
[WhiteElo "2648"]
[BlackElo "2585"]
[PlyCount "67"]
[EventDate "2012.08.27"]

1. Nf3 Nf6 2. c4 e6 3. g3 d5 4. Bg2 Be7 5. O-O O-O 6. d4 dxc4 7. Qc2 a6 8. a4
Bd7 9. Qxc4 Bc6 10. Bg5 a5 11. Nc3 Na6 12. Rac1 Bd5 13. Qd3 Nb4 14. Qb1 Bc4 15.
Rfe1 h6 16. Bf4 c6 17. b3 Ba6 18. Bf1 Nbd5 19. Bd2 Bb4 20. e4 Nxc3 21. Bxc3
Bxc3 22. Rxc3 Bxf1 23. Kxf1 Nd7 24. Rd1 Rc8 25. Qc1 Qb6 26. Rcd3 Rcd8 27. h3
Qb4 28. Qc4 Rc8 29. Qc3 Qe7 30. Ne5 b6 31. Nxd7 c5 32. Kg2 Qxd7 33. d5 c4 34.
Rd4 1/2-1/2

[Event "Schacholympiade 2012"]
[Site "Istanbul"]
[Date "2012.08.29"]
[Round "2"]
[White "Fernandes, Antonio"]
[Black "Kurmann, Oliver"]
[Result "1-0"]
[WhiteElo "2395"]
[BlackElo "2469"]
[PlyCount "61"]
[EventDate "2012.08.27"]

1. d4 Nf6 2. c4 e6 3. Nc3 c5 4. d5 exd5 5. cxd5 d6 6. Nf3 g6 7. Bf4 a6 8. a4
Bg7 9. h3 O-O 10. e3 Qe7 11. Be2 Nfd7 12. O-O f5 13. Ng5 Ne5 14. Ne6 Bxe6 15.
dxe6 Qxe6 16. Nd5 Ra7 17. Nc7 Qe7 18. Qd5+ Kh8 19. Ne6 Re8 20. Nxg7 Kxg7 21.
Rfd1 Nbc6 22. Qxd6 Raa8 23. Rac1 c4 24. Qxe7+ Rxe7 25. Bxc4 Nxc4 26. Rxc4 Rae8
27. b4 Rf7 28. Rd5 a5 29. b5 Nb4 30. Rdd4 Ree7 31. Bd6 1-0

[Event "Schacholympiade 2012"]
[Site "Istanbul"]
[Date "2012.08.29"]
[Round "2"]
[White "Forster, Richard"]
[Black "Pereira, Ruben"]
[Result "1-0"]
[WhiteElo "2459"]
[BlackElo "2417"]
[PlyCount "77"]
[EventDate "2012.08.27"]

1. c4 c5 2. g3 g6 3. Bg2 Bg7 4. Nc3 Nc6 5. Nf3 e6 6. d3 Nge7 7. Bg5 h6 8. Bd2
b6 9. a3 Bb7 10. b4 d6 11. Rb1 Nd4 12. e3 Nxf3+ 13. Bxf3 Bxf3 14. Qxf3 Rc8 15.
O-O cxb4 16. Rxb4 d5 17. Nb5 a6 18. Nd4 e5 19. Nb3 a5 20. Rb5 dxc4 21. Nc1 c3
22. Be1 O-O 23. Qb7 Qd6 24. Rb3 Rc6 25. Bxc3 Rfc8 26. Bb2 Nd5 27. e4 Ne7 28.
Ne2 a4 29. Rc3 Rb8 30. Qa7 Rxc3 31. Bxc3 Rc8 32. Qa6 Qxa3 33. Ra1 Qb3 34. Qxa4
Rxc3 35. Nxc3 Qxc3 36. Qe8+ Kh7 37. Ra7 Nc6 38. Rxf7 Qb3 39. Qd7 1-0

[Event "Schacholympiade 2012"]
[Site "Istanbul"]
[Date "2012.08.30"]
[Round "3"]
[White "Meier, Georg"]
[Black "Alavi, Seyed Javad"]
[Result "1-0"]
[WhiteElo "2648"]
[BlackElo "2458"]
[PlyCount "77"]
[EventDate "2012.08.27"]

1. Nf3 Nf6 2. g3 d5 3. Bg2 c6 4. O-O Bg4 5. c4 e6 6. d3 Nbd7 7. cxd5 exd5 8. h3
Bh5 9. Nc3 Bc5 10. Qc2 O-O 11. e3 Bxf3 12. Bxf3 Re8 13. Bg2 Qe7 14. Ne2 Rac8
15. a3 Bd6 16. Bd2 Nf8 17. b4 Ne6 18. Qb3 Rcd8 19. a4 Bb8 20. Bc3 h5 21. Qb2
Nd7 22. h4 f6 23. b5 Ne5 24. Qc2 Ng4 25. bxc6 bxc6 26. Rab1 Bd6 27. a5 Qc7 28.
d4 Qf7 29. e4 Nc7 30. Bd2 dxe4 31. Bxe4 Qe6 32. Bf3 Nd5 33. Rb7 Ne7 34. Rxa7
Rb8 35. Bf4 Rec8 36. a6 c5 37. d5 Nxd5 38. Bxd5 Qxd5 39. Qg6 1-0

[Event "Schacholympiade 2012"]
[Site "Istanbul"]
[Date "2012.08.30"]
[Round "3"]
[White "Darini, Pouria"]
[Black "Fridman, Daniel"]
[Result "0-1"]
[WhiteElo "2503"]
[BlackElo "2653"]
[PlyCount "90"]
[EventDate "2012.08.27"]

1. e4 e6 2. d4 d5 3. Nc3 dxe4 4. Nxe4 Nd7 5. Nf3 Ngf6 6. Bg5 h6 7. Nxf6+ Nxf6
8. Bxf6 Qxf6 9. Bb5+ c6 10. Bd3 Bd7 11. Qe2 Bd6 12. O-O O-O 13. Ne5 Rad8 14.
Qe4 g6 15. Rae1 Bc8 16. Re3 Qg7 17. Qh4 f5 18. c3 c5 19. Nf3 g5 20. Qh5 g4 21.
Nh4 cxd4 22. cxd4 Rf6 23. g3 Qg5 24. Qxg5+ hxg5 25. Ng2 Bb4 26. Ne1 Bd2 27. Re2
Bxe1 28. Rfxe1 Rxd4 29. Bc2 Kf8 30. Bb3 Ke7 31. Rc2 Kd8 32. Rec1 Bd7 33. Rc7
Rb4 34. R7c5 Bc6 35. Re5 Ke7 36. Ra5 a6 37. Rac5 Kd6 38. R5c2 Rd4 39. Bc4 Be4
40. Rc3 Rd2 41. b4 f4 42. Bf1 fxg3 43. Rxg3 Rfxf2 44. Rxg4 Bd5 45. Rg3 Ke5 0-1

[Event "Schacholympiade 2012"]
[Site "Istanbul"]
[Date "2012.08.30"]
[Round "3"]
[White "Gustafsson, Jan"]
[Black "Golizadeh, Asghar"]
[Result "1-0"]
[WhiteElo "2610"]
[BlackElo "2472"]
[PlyCount "97"]
[EventDate "2012.08.27"]

1. d4 Nf6 2. c4 c5 3. d5 e6 4. Nc3 exd5 5. cxd5 d6 6. e4 g6 7. Nge2 Bg7 8. Ng3
O-O 9. Be2 a6 10. a4 h5 11. Bg5 Nbd7 12. O-O Re8 13. Qd2 Nf8 14. f3 N8h7 15.
Be3 h4 16. Nh1 Bd7 17. Nf2 Rb8 18. a5 Nh5 19. f4 N7f6 20. Bf3 b5 21. axb6 Qxb6
22. b4 Qxb4 23. Rfb1 Ng4 24. Rxb4 cxb4 25. Bd4 bxc3 26. Bxc3 Nxf2 27. Kxf2 Bxc3
28. Qxc3 Nxf4 29. Qf6 Nd3+ 30. Kg1 Rb6 31. Qxh4 Kg7 32. Qg5 Reb8 33. h4 Ne5 34.
Kh2 f6 35. Qc1 Rc8 36. Qe3 Rcb8 37. Qc1 R8b7 38. Be2 Rb2 39. Bxa6 R7b3 40. Kg1
f5 41. exf5 Bxf5 42. Qc7+ Nf7 43. Bf1 Be4 44. Qc4 Rb4 45. Qc3+ Kh7 46. Qf6 Rb7
47. Re1 Bxd5 48. h5 Nh8 49. Re8 1-0

[Event "Schacholympiade 2012"]
[Site "Istanbul"]
[Date "2012.08.30"]
[Round "3"]
[White "Forster, Richard"]
[Black "Berkes, Ferenc"]
[Result "0-1"]
[WhiteElo "2459"]
[BlackElo "2685"]
[PlyCount "66"]
[EventDate "2012.08.27"]

1. c4 Nf6 2. g3 c6 3. Bg2 d5 4. Nf3 dxc4 5. Qc2 b5 6. a4 Na6 7. axb5 cxb5 8. b3
Nb4 9. Qc3 Nfd5 10. Qb2 e6 11. Na3 Ba6 12. Nd4 Qb6 13. Ndxb5 cxb3 14. Nc3 Bc5
15. O-O Nxc3 16. Qxc3 Rc8 17. Qf3 Nc6 18. Bb2 Nd4 19. Qe4 Nxe2+ 20. Kh1 Bd4 21.
Bxd4 Nxd4 22. Rfc1 O-O 23. Rc3 b2 24. Rb1 Ne2 25. Rc2 Qb3 26. Bf3 Rxc2 27. Nxc2
Bd3 28. Rxb2 Bxe4 29. Rxb3 Bxc2 30. Rb4 a5 31. Rc4 Bb3 32. Rh4 Nc1 33. Be4 f5
0-1

[Event "Schacholympiade 2012"]
[Site "Istanbul"]
[Date "2012.08.31"]
[Round "4"]
[White "Khenkin, Igor"]
[Black "Safarli, Eltaj"]
[Result "1/2-1/2"]
[WhiteElo "2656"]
[BlackElo "2620"]
[PlyCount "128"]
[EventDate "2012.08.27"]

1. Nf3 Nf6 2. c4 g6 3. Nc3 d5 4. cxd5 Nxd5 5. h4 Bg7 6. h5 Nc6 7. g3 e5 8. h6
Bf6 9. Bg2 Nxc3 10. dxc3 Qxd1+ 11. Kxd1 Be7 12. Be3 f6 13. Nd2 Bf5 14. Rh4 Nd8
15. Nb3 c6 16. Ra4 a6 17. Bb6 Nf7 18. Na5 Bd8 19. Bxd8 Nxd8 20. Rb4 Bc8 21. Kc2
Kd7 22. Nc4 Rb8 23. Rd1+ Kc7 24. Nd6 Be6 25. f4 Nf7 26. Nxf7 Bxf7 27. fxe5 fxe5
28. Bh3 Rbd8 29. Rf1 Rhf8 30. Re4 Rde8 31. Re3 e4 32. Rf4 g5 33. Rf5 Bg6 34.
Rxg5 Rf2 35. Rg4 Rd8 36. Rf4 Rh2 37. Bf5 Rxh6 38. Rexe4 Bxf5 39. Rxf5 Rd7 40.
a4 Rg6 41. g4 Rdg7 42. a5 h6 43. Rff4 Rg5 44. b4 h5 45. gxh5 Rxh5 46. Kb3 b6
47. Rf6 bxa5 48. Ree6 axb4 49. Rxc6+ Kb8 50. Kxb4 a5+ 51. Kc4 Re5 52. Rb6+ Rb7
53. Kd3 Rxb6 54. Rxb6+ Kc7 55. Rb2 Kc6 56. e4 Re8 57. Ra2 Ra8 58. Kc4 a4 59.
Re2 a3 60. Kb3 Kd6 61. e5+ Ke6 62. c4 a2 63. Rxa2 Rxa2 64. Kxa2 Kxe5 1/2-1/2

[Event "Schacholympiade 2012"]
[Site "Istanbul"]
[Date "2012.08.31"]
[Round "4"]
[White "Kurmann, Oliver"]
[Black "Nezad, Husein Aziz"]
[Result "1/2-1/2"]
[WhiteElo "2469"]
[BlackElo "2393"]
[PlyCount "74"]
[EventDate "2012.08.27"]

1. e4 e5 2. Nf3 Nc6 3. Bc4 Bc5 4. c3 Nf6 5. d3 a6 6. Bb3 Ba7 7. h3 h6 8. Nbd2
O-O 9. Nf1 d5 10. Qe2 Be6 11. Ng3 Na5 12. Bc2 dxe4 13. dxe4 Bc4 14. Qd1 Qxd1+
15. Bxd1 Rfe8 16. Be2 Rad8 17. Nd2 Bd3 18. Bxd3 Rxd3 19. Ke2 Red8 20. Nf3 Nc6
21. Bd2 Ne7 22. Be3 Bxe3 23. fxe3 R3d6 24. Rhd1 Nc6 25. Rxd6 Rxd6 26. Rd1 Rxd1
27. Kxd1 g6 28. Kc2 Kf8 29. b4 Ke7 30. Kd3 Ke6 31. Nd2 Ne8 32. Ne2 Nd6 33. a3
a5 34. Nc1 b5 35. Ncb3 axb4 36. Nc5+ Ke7 37. axb4 Nd8 1/2-1/2

[Event "Schacholympiade 2012"]
[Site "Istanbul"]
[Date "2012.08.31"]
[Round "4"]
[White "Al-Sulaiti, Ghanem"]
[Black "Forster, Richard"]
[Result "0-1"]
[WhiteElo "2178"]
[BlackElo "2459"]
[PlyCount "76"]
[EventDate "2012.08.27"]

1. e4 c5 2. Nf3 e6 3. b3 d6 4. Bb5+ Nd7 5. O-O Ngf6 6. Re1 a6 7. Bd3 b6 8. c3
Bb7 9. Bc2 Qc7 10. Qe2 Rc8 11. d3 g6 12. Bb2 Bg7 13. Nbd2 O-O 14. Rac1 e5 15.
d4 exd4 16. cxd4 Rfe8 17. dxc5 bxc5 18. Bxf6 Nxf6 19. Qf1 a5 20. Rcd1 h6 21.
Nc4 Re6 22. Rxd6 Rxd6 23. Nxd6 Qxd6 24. e5 Qa6 25. Bd3 Qa8 26. exf6 Bxf6 27.
Qe2 Bc3 28. Rc1 Re8 29. Qc2 Bxf3 30. gxf3 Bd4 31. Be4 Qd8 32. Qd2 Bxf2+ 33.
Qxf2 Qg5+ 34. Qg3 Qxc1+ 35. Kg2 Qb2+ 36. Kh3 Qf6 37. Qc7 Kg7 38. Qxa5 Rxe4 0-1

[Event "Schacholympiade 2012"]
[Site "Istanbul"]
[Date "2012.09.01"]
[Round "5"]
[White "Simoes, Joao"]
[Black "Kurmann, Oliver"]
[Result "0-1"]
[WhiteElo "2275"]
[BlackElo "2469"]
[PlyCount "202"]
[EventDate "2012.08.27"]

1. d4 Nf6 2. Nf3 e6 3. c4 c5 4. dxc5 Bxc5 5. a3 b6 6. g3 Bb7 7. Bg2 Be7 8. O-O
O-O 9. Bf4 d6 10. Nbd2 Nbd7 11. Qc2 Rc8 12. Rac1 Nd5 13. Qb1 Nxf4 14. gxf4 g6
15. Rfd1 Nf6 16. e3 Rc7 17. Nd4 Bxg2 18. Kxg2 Qa8+ 19. Kg1 a6 20. b4 e5 21. Ne2
exf4 22. Nxf4 Rfc8 23. Rc3 d5 24. Rdc1 Bd6 25. Ne2 Ng4 26. h3 Ne5 27. cxd5 Qxd5
28. Rxc7 Rxc7 29. Rxc7 Bxc7 30. Nd4 Qd7 31. Qc2 Bd6 32. Ne4 Be7 33. Kg2 Qd5 34.
Kg1 Nc4 35. Qd3 Nxa3 36. Qxa3 Qxe4 37. Qxa6 Qb1+ 38. Kg2 Qxb4 39. Qa8+ Kg7 40.
Qb7 Qd6 41. Qe4 Bf6 42. Nb5 Qc5 43. Qd3 Qc6+ 44. Kg1 Qc1+ 45. Kg2 Qc6+ 46. Kg1
Qc1+ 47. Kg2 Qb2 48. Qd7 Bh4 49. Qd4+ Qxd4 50. Nxd4 Kf8 51. Kf3 Ke7 52. Ke2 Kd6
53. f3 Bf6 54. Nb3 Kd5 55. Kd3 Bg7 56. Nd2 b5 57. Nb3 b4 58. Nc1 g5 59. e4+ Kc5
60. Nb3+ Kb5 61. Nc1 Be5 62. Nb3 Ka4 63. Kc2 Bf4 64. Na1 Bg3 65. Nb3 Bf2 66.
Na1 Bd4 67. Nb3 Bc3 68. Nc1 Kb5 69. Kd3 Kc5 70. Nb3+ Kd6 71. Nc1 Ke5 72. Ne2 f5
73. exf5 Kxf5 74. Kc4 h6 75. Kd3 Be1 76. Ke3 Bc3 77. Kd3 Be5 78. Kc4 Bd6 79.
Kb3 Kg6 80. Nd4 Be5 81. Nc2 Bc3 82. Ne3 Bd2 83. Ng4 Kh5 84. Kc4 Bc3 85. Kb3 Bg7
86. Kxb4 Kh4 87. Kc4 Kg3 88. Kd3 Kxf3 89. Ne3 h5 90. Nf5 Be5 91. Kd2 Kf4 92.
Ne3 Kg3 93. Ke2 Kxh3 94. Kf1 Kh2 95. Nf5 g4 96. Ne3 Bf4 97. Ng2 Bg5 98. Kf2 h4
99. Kf1 h3 100. Ne1 g3 101. Nf3+ Kh1 0-1

[Event "Schacholympiade 2012"]
[Site "Istanbul"]
[Date "2012.09.01"]
[Round "5"]
[White "Cambando, Jose"]
[Black "Hug, Werner"]
[Result "0-1"]
[WhiteElo "2044"]
[BlackElo "2469"]
[PlyCount "62"]
[EventDate "2012.08.27"]

1. e4 e6 2. d4 d5 3. Nc3 Bb4 4. Bd2 Ne7 5. Qg4 O-O 6. e5 f5 7. Qh3 c5 8. O-O-O
Nbc6 9. a3 Bxc3 10. Bxc3 c4 11. Nf3 b5 12. g4 a5 13. Ng5 h6 14. Nf3 fxg4 15.
Qxg4 Nf5 16. Rg1 Ra7 17. Bd2 Qe7 18. Bg5 hxg5 19. Nxg5 Nh6 20. Qh4 Nd8 21. Bh3
Ndf7 22. f4 Nxg5 23. fxg5 Nf5 24. Qh5 Qe8 25. g6 Nh6 26. Rdf1 Rxf1+ 27. Rxf1
Qe7 28. Rf4 Bd7 29. Qf3 Ra8 30. Rf6 Rf8 31. Qf4 gxf6 0-1

[Event "Schacholympiade 2012"]
[Site "Istanbul"]
[Date "2012.09.03"]
[Round "6"]
[White "Solomon, Kenneth"]
[Black "Pelletier, Yannick"]
[Result "0-1"]
[WhiteElo "2414"]
[BlackElo "2595"]
[PlyCount "134"]
[EventDate "2012.08.27"]

1. d4 Nf6 2. c4 e6 3. Nf3 b6 4. g3 Bb7 5. Bg2 Bb4+ 6. Bd2 Qe7 7. O-O Bxd2 8.
Qxd2 O-O 9. Nc3 d5 10. cxd5 exd5 11. Rac1 Na6 12. Nh4 Ne4 13. Nf5 Qf6 14. Nxe4
dxe4 15. Ne3 Rad8 16. Rfd1 c5 17. d5 Qg6 18. Qc2 f5 19. Qa4 Rf7 20. Kh1 Nb4 21.
Qb3 f4 22. gxf4 Rxf4 23. a3 Na6 24. f3 exf3 25. Bxf3 Kh8 26. Rc4 Qf7 27. Rxf4
Qxf4 28. Qc3 Nc7 29. Ng2 Qf7 30. e4 Nb5 31. Qe3 Nd4 32. Be2 Qe7 33. Bd3 Bc8 34.
Rf1 g6 35. Qh6 Bg4 36. Qf4 Bh3 37. Rf2 Bxg2+ 38. Kxg2 Kg7 39. a4 Rd6 40. Bc4
Rf6 41. Qxf6+ Qxf6 42. Rxf6 Kxf6 43. Kf2 Ke5 44. Ke3 g5 45. h3 h6 46. Bf1 Nb3
47. Be2 c4 48. Bxc4 Nc5 49. Bd3 Nxa4 50. b4 a5 51. d6 Kxd6 52. bxa5 bxa5 53.
Kd4 Nb6 54. e5+ Ke7 55. Bb1 a4 56. Kc5 Nd7+ 57. Kd5 a3 58. Ba2 Nb8 59. Ke4 Nc6
60. Kf5 Nb4 61. Bb3 Nd3 62. Kg6 Nxe5+ 63. Kxh6 Kf6 64. Kh5 Kf5 65. Ba2 Kf4 66.
Bd5 Nd3 67. h4 g4 0-1

[Event "Schacholympiade 2012"]
[Site "Istanbul"]
[Date "2012.09.03"]
[Round "6"]
[White "Kurmann, Oliver"]
[Black "Kobese, Watu"]
[Result "1/2-1/2"]
[WhiteElo "2469"]
[BlackElo "2363"]
[PlyCount "80"]
[EventDate "2012.08.27"]

1. e4 e5 2. Nf3 Nc6 3. Bc4 Nf6 4. d3 Be7 5. O-O O-O 6. Bb3 d5 7. exd5 Nxd5 8.
Re1 Bg4 9. h3 Bh5 10. g4 Bg6 11. Nxe5 Nxe5 12. Rxe5 c6 13. Qf3 Bd6 14. Re2 Kh8
15. Bxd5 cxd5 16. Nc3 d4 17. Nb5 f5 18. Nxd4 Bh2+ 19. Kxh2 Qxd4 20. g5 f4 21.
Rb1 Rae8 22. Bd2 Rxe2 23. Qxe2 Bh5 24. Qf1 Qa4 25. b3 Qc6 26. c4 Qd6 27. Re1
Rf5 28. Re4 Kg8 29. f3 Rf8 30. Bc3 Bg6 31. Rd4 Qe5 32. Qe1 Qxg5 33. Rd7 Bf7 34.
Qg1 Qh6 35. Rxb7 Re8 36. Qg2 g6 37. Ba1 Be6 38. Rg7+ Kf8 39. Rxa7 Bxh3 40. Qf2
Bf5+ 1/2-1/2

[Event "Schacholympiade 2012"]
[Site "Istanbul"]
[Date "2012.09.03"]
[Round "6"]
[White "Steel, Henry"]
[Black "Forster, Richard"]
[Result "1-0"]
[WhiteElo "2397"]
[BlackElo "2459"]
[PlyCount "77"]
[EventDate "2012.08.27"]

1. e4 c5 2. Nf3 d6 3. Nc3 a6 4. d4 cxd4 5. Nxd4 Nf6 6. Bc4 e6 7. Bb3 Be7 8. O-O
O-O 9. f4 Nc6 10. a3 Bd7 11. Kh1 Rc8 12. Be3 Re8 13. Qf3 Qa5 14. f5 Nxd4 15.
Bxd4 e5 16. Bf2 Bc6 17. Rad1 b5 18. Bh4 b4 19. Bxf6 Bxf6 20. Nd5 bxa3 21. Nxf6+
gxf6 22. bxa3 Qc7 23. Qh5 Kh8 24. Bxf7 Re7 25. Be6 Rxe6 26. fxe6 Bxe4 27. Qh4
f5 28. e7 Kg7 29. Qg5+ Kf7 30. Rxf5+ Bxf5 31. Qxf5+ Kxe7 32. Rf1 Re8 33. Qxh7+
Kd8 34. Qe4 Qb6 35. h3 Re7 36. Rf8+ Kd7 37. Qg4+ Kc6 38. Qc4+ Qc5 39. Rc8+ 1-0

[Event "Schacholympiade 2012"]
[Site "Istanbul"]
[Date "2012.09.03"]
[Round "6"]
[White "Hug, Werner"]
[Black "Cawdery, Daniel"]
[Result "1/2-1/2"]
[WhiteElo "2469"]
[BlackElo "2284"]
[PlyCount "60"]
[EventDate "2012.08.27"]

1. d4 Nf6 2. Nf3 g6 3. Bg5 Bg7 4. c3 O-O 5. Nbd2 d6 6. e4 c5 7. d5 h6 8. Bh4 e6
9. dxe6 Bxe6 10. Bc4 Re8 11. O-O Nc6 12. Bxf6 Bxf6 13. Qc2 Bg7 14. Rad1 Qd7 15.
Qd3 Rad8 16. Rfe1 a6 17. Bxe6 Qxe6 18. a4 Qa2 19. Qc2 Na5 20. h3 Qe6 21. Nf1 b5
22. axb5 axb5 23. N1d2 Nc6 24. Ra1 d5 25. exd5 Qxd5 26. Rxe8+ Rxe8 27. Nf1 b4
28. Ne3 Qe4 29. Ra8 Kh7 30. Rxe8 Qxe8 1/2-1/2

[Event "Schacholympiade 2012"]
[Site "Istanbul"]
[Date "2012.09.06"]
[Round "9"]
[White "Macias Murillo, Bryan"]
[Black "Gallagher, Joseph G"]
[Result "1-0"]
[WhiteElo "2365"]
[BlackElo "2513"]
[PlyCount "89"]
[EventDate "2012.08.27"]

1. e4 c5 2. Nf3 d6 3. d4 cxd4 4. Nxd4 Nf6 5. Nc3 a6 6. Bc4 e6 7. Bb3 Nbd7 8.
O-O Nc5 9. f4 Qc7 10. Qf3 Be7 11. f5 b5 12. Qg3 Nxb3 13. axb3 b4 14. Ncb5 Qb8
15. fxe6 axb5 16. Qxg7 Rf8 17. Rxa8 Qxa8 18. Bg5 fxe6 19. Bxf6 Bxf6 20. Rxf6
Rxf6 21. Qxf6 Qxe4 22. h3 Bd7 23. Qf2 e5 24. Nf3 Qf4 25. Ne1 Qc1 26. Qh4 Qe3+
27. Kf1 d5 28. Qxh7 Qf4+ 29. Ke2 Qg5 30. Qd3 d4 31. Qe4 Ke7 32. Nd3 Kf6 33. g4
Be6 34. Nxb4 Qc1 35. Nc6 d3+ 36. Qxd3 Qh1 37. Qd8+ Kg7 38. Qe7+ Kh8 39. Qxe6
Qe4+ 40. Kf2 Qf4+ 41. Kg2 Qe4+ 42. Kg3 Qe1+ 43. Kf3 Qh1+ 44. Ke3 Qe1+ 45. Kd3
1-0

[Event "Schacholympiade 2012"]
[Site "Istanbul"]
[Date "2012.09.06"]
[Round "9"]
[White "Forster, Richard"]
[Black "Mieles Palau, Daniel"]
[Result "1/2-1/2"]
[WhiteElo "2459"]
[BlackElo "2370"]
[PlyCount "72"]
[EventDate "2012.08.27"]

1. Nf3 c5 2. g3 g6 3. Bg2 Bg7 4. c4 Nc6 5. Nc3 e5 6. O-O d6 7. a3 a5 8. Ne1 Be6
9. d3 Nge7 10. Nc2 d5 11. cxd5 Nxd5 12. Ne3 Nde7 13. Nc4 O-O 14. Bg5 f6 15. Be3
b6 16. Qa4 Qc7 17. f4 Rab8 18. fxe5 Nxe5 19. Bf4 Rfd8 20. Nxe5 fxe5 21. Bg5 Rf8
22. Bxe7 Qxe7 23. Qc6 e4 24. Rxf8+ Rxf8 25. Nxe4 Bxb2 26. Rb1 Bd4+ 27. Kh1 Bg4
28. Rxb6 Bxe2 29. Qd5+ Qf7 30. Ng5 Qxd5 31. Bxd5+ Kh8 32. Rb7 Rf1+ 33. Kg2 Rf2+
34. Kh1 Rf1+ 35. Kg2 Rf2+ 36. Kh1 Rf1+ 1/2-1/2

[Event "Schacholympiade 2012"]
[Site "Istanbul"]
[Date "2012.09.06"]
[Round "9"]
[White "Munoz Sanchez, Jhon"]
[Black "Hug, Werner"]
[Result "0-1"]
[WhiteElo "2262"]
[BlackElo "2469"]
[PlyCount "77"]
[EventDate "2012.08.27"]

1. e4 e6 2. d4 d5 3. exd5 exd5 4. c4 Nf6 5. Nf3 Bb4+ 6. Bd2 Bxd2+ 7. Nbxd2 O-O
8. Be2 Nc6 9. c5 Bg4 10. O-O Ne4 11. h3 Bh5 12. Re1 Re8 13. g4 Bg6 14. Bb5 Qf6
15. Bxc6 bxc6 16. Nxe4 Bxe4 17. Ne5 Rxe5 18. dxe5 Qxe5 19. Qd2 Rb8 20. b3 Qf6
21. Qe3 h5 22. f3 Bxf3 23. g5 Be4 24. Qf2 Qxf2+ 25. Kxf2 a5 26. Rad1 Rb5 27.
Rc1 Kh7 28. Ke3 Rb4 29. Rcd1 Bf5 30. Rd4 Rb5 31. Kf4 Bxh3 32. Re7 Be6 33. Rxc7
Rxc5 34. b4 axb4 35. Rxb4 Ra5 36. Rxc6 Rxa2 37. Kg3 Kg6 38. Rbb6 Kxg5 39. Rb4
0-1

[Event "Schacholympiade 2012"]
[Site "Istanbul"]
[Date "2012.09.07"]
[Round "10"]
[White "Gustafsson, Jan"]
[Black "Stupak, Kirill"]
[Result "1-0"]
[WhiteElo "2610"]
[BlackElo "2523"]
[PlyCount "153"]
[EventDate "2012.08.27"]

1. d4 e6 2. c4 Bb4+ 3. Nd2 d5 4. Ngf3 Nf6 5. Qa4+ Nc6 6. a3 Bxd2+ 7. Bxd2 Ne4
8. Rd1 Nxd2 9. Rxd2 O-O 10. e3 Ne7 11. Bd3 b6 12. cxd5 exd5 13. O-O Qd6 14. Rc1
c6 15. b4 Bd7 16. Ne5 Be8 17. Bb1 g6 18. Qb3 Kg7 19. a4 f6 20. Nf3 Bd7 21. Bd3
a5 22. bxa5 Rxa5 23. Qxb6 Rxa4 24. Rb2 Raa8 25. Rcb1 Ra3 26. Rb3 Rxb3 27. Qxb3
Ra8 28. Qc2 Rb8 29. Ra1 Qb4 30. Nd2 Kf7 31. Rb1 Qd6 32. Nb3 Bf5 33. Bxf5 Nxf5
34. Ra1 Ne7 35. Nc5 Nc8 36. g3 Kg7 37. Kg2 Kf7 38. Ra6 Rb6 39. Rxb6 Nxb6 40.
Nb7 Qe7 41. Na5 f5 42. Nxc6 Qe4+ 43. Qxe4 fxe4 44. h4 Nc4 45. Nb4 Ke6 46. g4 h6
47. Na2 Nd2 48. Nc3 Nf3 49. Kg3 g5 50. h5 Kd6 51. Ne2 Ke6 52. Kh3 Kf6 53. Ng3
Nh4 54. Kh2 Ke6 55. Kh1 Kd7 56. f3 exf3 57. Kg1 Kd6 58. Kf1 Kd7 59. Kf2 Kc6 60.
Nf1 Kb5 61. Ng3 Kc6 62. Nf1 Kb5 63. Nd2 Kb4 64. e4 dxe4 65. Nxe4 Kc4 66. Ke3
Ng2+ 67. Kxf3 Ne1+ 68. Kg3 Kxd4 69. Nxg5 Ke5 70. Nf7+ Kf6 71. Nxh6 Nd3 72. Kh4
Ne5 73. g5+ Ke6 74. Kg3 Nd7 75. Kf4 Ne5 76. Ng4 Nd3+ 77. Ke3 1-0